000 00321nam a2200109Ia 4500
008 230724s2010 xx und d
041 _aeng
100 _aA I S C
245 _aSEISMIC PROVISIONS FOR STRUCTURAL STEEL BUILDINGS APRIL 15TH 1997.
260 _bAMERICAN SOCIETY OF PLANT PHYSIOLOGISTS
_c2010
300 _a146
999 _c1174310
_d1174310